بے نام قاتل / (Record no. 173914)

MARC details
000 -LEADER
fixed length control field 00590nam a22002057a 4500
005 - DATE AND TIME OF LATEST TRANSACTION
control field 20200312115752.0
010 ## - LCCN (DPL NO)
LC control number A-451897
020 ## - INTERNATIONAL STANDARD BOOK NUMBER
Terms of availability 60.00
International Standard Book Number -
035 ## - SYSTEM CONTROL NUMBER
System control number A-451897
037 ## - SOURCE OF ACQUISITION
Source of stock number/acquisition BPPD/Pub.
082 ## - DEWEY DECIMAL CLASSIFICATION NUMBER
Classification number ن
100 ## - MAIN ENTRY--PERSONAL NAME
Personal name یوگیش کمار
245 ## - TITLE STATEMENT
Title بے نام قاتل /
Statement of responsibility, etc یوگیش کمار
246 ## - VARYING FORM OF TITLE
Title proper/short title Be-Naam Qatil /
Remainder of title by Yogesh Kumar
260 ## - PUBLICATION, DISTRIBUTION, ETC. (IMPRINT)
Place of publication, distribution, etc Delhi
Name of publisher, distributor, etc Educational Publishing House
Date of publication, distribution, etc 1991 ء
270 ## - ADDRESS
Address 3108 Gali Azizuddin Vakil, Kucha Pandit, Lal Kuan
City Delhi
Postal code 110006
300 ## - PHYSICAL DESCRIPTION
Extent 157ص
Dimensions 22س م (Hb)
500 ## - GENERAL NOTE
General note
942 ## - ADDED ENTRY ELEMENTS (KOHA)
Source of classification or shelving scheme Dewey Decimal Classification
Item type Urdu Bks
Classification part ن
Call number suffix ی و گ
Holdings
Withdrawn status Lost status Not for loan Collection code Home library Current library Date acquired Source of acquisition Cost, normal purchase price Full call number Barcode Copy number Cost, replacement price Koha item type
      Fiction Central Library Central Library 12/03/2020 BPPD/Ven. 60.00 ن ی و گ A-451897 1 60.00 Urdu Bks

© Delhi Public Library
Hit Counter
free hit counter